Premier League‘s roughest players - Statistics

General Stats
  • This quiz has been taken 29 times
  • The average score is 8 of 43
Answer Stats
Y D R Player Season Club % Correct
6 0 2 16 Keane 95/96 Man Utd
79%
8 0 2 18 Terry 08/09 Chelsea
58%
3 0 3 18 Jones 95/96 Wimbledon
54%
9 0 2 19 Smith 02/03 Leeds
46%
10 0 2 20 Barton 11/12 Newcastle
38%
11 0 1 16 Barton 14/15 QPR
38%
8 0 3 23 Batty 97/98 Newcastle
38%
11 0 1 16 Batty 96/97 Newcastle
38%
10 1 1 18 Cattermole 08/09 Wigan Athletic
33%
10 2 0 16 Neville 05/06 Everton
25%
2 0 3 17 Brown 13/14 Sunderland
21%
7 0 2 17 Casemiro 22/23 Man Utd
21%
11 0 1 16 Hughes 95/96 Chelsea
21%
7 0 2 17 Nolan 13/14 West Ham
21%
9 0 2 19 Williams 97/98 Coventry
21%
13 0 1 18 Dacourt 98/99 Everton
17%
12 0 1 17 Holebas 18/19 Watford
17%
11 0 1 16 Ince 01/02 Middlesbrough
17%
13 1 0 16 Ince 03/04 Wolves
17%
10 0 2 20 Mills 01/02 Leeds
17%
6 0 3 21 Bilic 97/98 Everton
13%
14 0 1 19 Capoue 18/19 Watford
13%
6 0 2 16 Dabizas 98/99 Newcastle
13%
9 0 2 19 Tiatto 00/01 Man City
13%
9 1 1 17 Bissouma 23/24 Tottenham
8%
6 0 2 16 Boa Morte 01/02 Fulham
8%
11 0 1 16 Hartson 96/97 West Ham
8%
7 0 2 17 Leboeuf 99/00 Chelsea
8%
9 1 1 17 Mascherano 09/10 Liverpool
8%
5 0 3 20 Queudrue 02/03 Middlesbrough
8%
8 0 2 18 Rae 99/00 Sunderland
8%
7 0 2 17 Repka 01/02 West Ham
8%
3 0 3 18 Short 01/02 Blackburn
8%
6 0 2 16 Weir 02/03 Everton
8%
12 0 1 17 Campo 02/03 Bolton
4%
7 0 2 17 Eranio 97/98 Derby County
4%
11 0 1 16 Fabregas 14/15 Chelsea
4%
6 0 2 16 Foe 99/00 West Ham
4%
11 0 1 16 Hutchison 00/01 Sunderland
4%
11 0 1 16 Makim 99/00 Sunderland
4%
11 0 1 16 Semedo 22/23 Wolves
4%
7 0 2 17 Sidwell 12/13 Fulham
4%
8 1 1 16 Turner 09/10 Sunderland
4%
No matching quizzes found
Score Distribution
Percent of People with Each Score
Percentile by Number Answered
Your Score History
You have not taken this quiz